WWE SummerSlam Title Winners - Statistics

General Stats
  • This quiz has been taken 801 times
    397 since last reset
  • The average score is 48 of 75
Answer Stats
Year Title Won Wrestler % Correct
2015 United States Seth Rollins
90%
2017 Raw Tag Team Seth Rollins
90%
2018 Intercontinental Seth Rollins
90%
2019 Universal Seth Rollins
90%
2004 World Heavyweight Randy Orton
89%
2011 World Heavyweight Randy Orton
89%
2013 WWE Championship Randy Orton
89%
2021 Raw Tag Team Randy Orton
89%
2018 Universal Roman Reigns
89%
2018 SmackDown Women's Charlotte Flair
87%
2002 WWE Championship Brock Lesnar
85%
2014 WWE World Heavyweight Brock Lesnar
85%
2016 Women's Charlotte Flair
85%
2021 Raw Women's Charlotte Flair
85%
2021 SmackDown Women's Becky Lynch
83%
2001 WCW Championship The Rock
83%
2024 World Heavyweight Gunther
82%
1998 Intercontinental Triple H
82%
1999 WWF Tag Team The Undertaker
80%
2001 WWF Tag Team The Undertaker
80%
2017 Raw Tag Team Dean Ambrose
79%
1997 Intercontinental Stone Cold Steve Austin
79%
2009 World Heavyweight CM Punk
78%
2015 WWE Tag Team Kofi Kingston
77%
2020 Universal Bray Wyatt
76%
2013 WWE Championship Daniel Bryan
76%
2015 WWE Tag Team Big E
75%
2017 SmackDown Tag Team Jey Uso
75%
2017 SmackDown Tag Team Jimmy Uso
75%
2001 WWF Tag Team Kane
75%
2016 Universal Finn Balor
74%
2001 Intercontinental Edge
73%
2024 WWE Women's Nia Jax
73%
1990 WWF Tag Team Bret Hart
71%
1991 Intercontinental Bret Hart
71%
1997 WWF Championship Bret Hart
71%
2023 WWE Women's Bianca Belair
70%
2011 WWE Championship Alberto Del Rio
69%
2024 United States LA Knight
69%
2021 Raw Tag Team Matt Riddle
69%
1999 WWF Championship Mankind
68%
1998 WWF Tag Team Billy Gunn
66%
1998 WWF Tag Team Road Dogg
66%
2024 Intercontinental Bron Breakker
65%
2014 Intercontinental Dolph Ziggler
64%
1988 Intercontinental The Ultimate Warrior
64%
1989 Intercontinental The Ultimate Warrior
64%
2020 Raw Women's Asuka
63%
2005 United States Chris Benoit
63%
1999 WWF Tag Team The Big Show
63%
2023 WWE Women's Iyo Sky
61%
2014 Diva's Paige
58%
2018 Raw Women's Ronda Rousey
57%
2021 United States Damian Priest
53%
2017 Cruiserweight Neville
52%
2012 United States Antonio Cesaro
49%
2001 Hardcore Rob Van Dam
49%
2002 Intercontinental Rob Van Dam
49%
2008 Women's Beth Phoenix
47%
1992 Intercontinental The British Bulldog
45%
2017 SmackDown Women's Natalya
44%
1994 Intercontinental Razor Ramon
40%
1990 WWF Tag Team Jim Neidhart
38%
2000 Intercontinental Chyna
36%
2001 Light Heavyweight X-Pac
36%
1991 WWF Tag Team Hawk
35%
1991 WWF Tag Team Animal
34%
1999 European Jeff Jarrett
32%
1999 Intercontinental Jeff Jarrett
32%
2008 Intercontinental Santino Marella
32%
2010 Diva's Melina
31%
1999 Hardcore Al Snow
22%
1990 Intercontinental The Texas Tornado
22%
2000 Hardcore Steve Blackman
20%
1995 Women's Bertha Faye
17%
No matching quizzes found
Score Distribution
Percent of People with Each Score
Percentile by Number Answered
Your Score History
You have not taken this quiz since the last reset